Đất Việt mến yêu: Điểm đến thiên niên kỷ mới 101 điều cần biết về di tích và văn minh Việt Nam

שמור ב:
מידע ביבליוגרפי
מחבר ראשי: Phạm Côn Sơn
פורמט: ספר
שפה:Undetermined
יצא לאור: Hà Nội VHTT 2001
נושאים:
תגים: הוספת תג
אין תגיות, היה/י הראשונ/ה לתייג את הרשומה!
Thư viện lưu trữ: Trung tâm Học liệu Trường Đại học Cần Thơ
LEADER 00609nam a2200181Ia 4500
001 CTU_41848
008 210402s9999 xx 000 0 und d
082 |a 915.97 
082 |b S464đ 
100 |a Phạm Côn Sơn 
245 0 |a Đất Việt mến yêu: Điểm đến thiên niên kỷ mới 
245 0 |b 101 điều cần biết về di tích và văn minh Việt Nam 
245 0 |c Phạm Côn Sơn 
260 |a Hà Nội 
260 |b VHTT 
260 |c 2001 
650 |a vietnam - description and travel 
980 |a Trung tâm Học liệu Trường Đại học Cần Thơ